[Event "ESTCC U50 2018"]
[Site "Walbrzych"]
[Date "2018.04.18"]
[Round "5"]
[White "Rooze, Jan"]
[Black "Strutinskaia, Galina"]
[Result "1/2-1/2"]
[WhiteElo "2307"]
[BlackElo "2232"]
[Annotator "NA"]
[PlyCount "79"]
[EventDate "2018.??.??"]
[EventCountry "POL"]
[SourceTitle "playchess.com"]
[Source "ChessBase"]
[SourceQuality "1"]
[WhiteTeam "Belgium"]
[BlackTeam "Russia"]
[WhiteTeamCountry "BEL"]
[BlackTeamCountry "RUS"]
[TimeControl "40/5400+30:1800+30"]

1. e4 {[%emt 0:00:00]} c5 {[%emt 0:00:04]} 2. Nf3 {[%emt 0:00:00]} d6 {[%emt 0:00:25]} 3. Bb5+ {[%emt 0:06:53]} Nd7 {[%emt 0:00:26]} 4. O-O {[%emt 0:01:13]} a6 {[%emt 0:00:34]} 5. Bd3 {[%emt 0:00:29] B51: Sicilian: Moscow Variation (3 Bb5+) without 3...Bd7} g6 {[%emt 0:03:12]} (5... Ngf6 6. Re1 e6 7. c3 b5 8. Bc2 c4 9. a4 Bb7 10. axb5 axb5 11. Rxa8 Qxa8 12. Na3 Bxe4 13. Bxe4 Nxe4 {0-1 (59) Amin,B (2693)-Vidit,S (2718) Wijk aan Zee 2018}) 6. c3 {[%emt 0:01:14]} Bg7 {[%emt 0:01:09]} 7. Bc2 {[%emt 0:00:07]} e5 {[%emt 0:02:16] LiveBook: 5 Games} 8. d4 {[%emt 0:02:15]} Ne7 {[%emt 0:01:23]} 9. dxc5 $146 {[%emt 0:10:55]} ({Find the theoretical novelty and annotate with similar games:} 9. a4 O-O 10. dxe5 dxe5 11. Qd6 Nc6 12. Na3 Re8 {1-0 (100) Halkias,S (2519)-Gomes,M (2355) Doha 2014}) 9... dxc5 {[%emt 0:02:18]} (9... Nxc5 $11 {remains equal.} 10. Be3 O-O) 10. Qd6 {[%emt 0:08:40]} Qb6 {[%emt 0:03:00]} 11. Qxb6 {[%emt 0:00:59]} Nxb6 {[%emt 0:00:02]} 12. Be3 {[%emt 0:01:27]} Nd7 {[%emt 0:02:14]} 13. Nbd2 {[%emt 0:04:22]} b5 {[%emt 0:09:18]} 14. a4 {[%emt 0:01:49]} Rb8 {[%emt 0:01:28]} 15. axb5 {[%emt 0:00:30]} axb5 {[%emt 0:00:06]} 16. Nb3 {[%emt 0:02:27]} c4 {[%emt 0:01:27]} 17. Nc5 {[%emt 0:01:46]} Nc6 {[%emt 0:09:40]} 18. Rfd1 {[%emt 0:04:05]} Bf8 {[%emt 0:01:37]} 19. Nxd7 {[%emt 0:03:09]} Bxd7 {[%emt 0:00:09]} 20. Ra6 {[%emt 0:02:09]} Be7 {[%emt 0:08:01]} 21. h3 {[%emt 0:11:22]} f6 {[%emt 0:00:34]} 22. Rd5 {[%emt 0:04:56]} Nd8 {[%emt 0:02:41]} (22... Rb7 $11) 23. Nd2 {[%emt 0:01:44]} Rc8 {[%emt 0:01:37]} 24. Nb1 {[%emt 0:02:04]} Bc6 {[%emt 0:01:01]} 25. Rd2 {[%emt 0:02:12]} Ne6 $11 {[%emt 0:00:58]} 26. b3 {[%emt 0:06:50]} Kf7 {[%emt 0:11:23]} 27. bxc4 {[%emt 0:01:09]} bxc4 {[%emt 0:00:21]} 28. Na3 {[%emt 0:02:54]} Bxa3 {[%emt 0:02:08]} 29. Rxa3 {[%emt 0:00:07]} Ra8 {[%emt 0:00:33]} 30. Ba7 {[%emt 0:01:30]} Rhc8 {[%emt 0:01:30]} 31. Rd1 {[%emt 0:02:26]} Rc7 {[%emt 0:00:22]} 32. Rda1 {[%emt 0:00:18]} Rd7 {[%emt 0:00:46]} 33. Be3 {[%emt 0:00:34]} Rxa3 {[%emt 0:02:49]} 34. Rxa3 {[%emt 0:00:07]} Nc7 {[%emt 0:04:42]} 35. Ra5 {[%emt 0:04:24]} Ne6 {[%emt 0:02:41]} 36. Ra6 {[%emt 0:01:41]} Rc7 {[%emt 0:02:22]} 37. f3 {[%emt 0:01:52]} h5 {[%emt 0:00:32]} 38. Rb6 {[%emt 0:01:18]} Bd7 {[%emt 0:03:28]} 39. Rb4 {[%emt 0:00:39]} Nf4 {[%emt 0:00:31]} 40. Bxf4 1/2-1/2

[Event "ESTCC U50 2018"]
[Site "Walbrzych"]
[Date "2018.04.18"]
[Round "5"]
[White "Mariotti, Sergio"]
[Black "Bowmer, Kevin"]
[Result "1-0"]
[WhiteElo "2288"]
[BlackElo "2064"]
[Annotator "NA"]
[PlyCount "61"]
[EventDate "2018.??.??"]
[EventCountry "POL"]
[SourceTitle "playchess.com"]
[Source "ChessBase"]
[SourceQuality "1"]
[WhiteTeam "Italy"]
[BlackTeam "England"]
[WhiteTeamCountry "ITA"]
[BlackTeamCountry "ENG"]
[TimeControl "40/5400+30:1800+30"]

1. e4 {[%emt 0:00:00]} c5 {[%emt 0:00:07]} 2. Nf3 {[%emt 0:00:00]} d6 {[%emt 0:00:11]} 3. d4 {[%emt 0:00:00]} cxd4 {[%emt 0:00:10]} 4. Nxd4 {[%emt 0:00:00]} Nf6 {[%emt 0:00:09]} 5. Nc3 {[%emt 0:00:00]} a6 {[%emt 0:00:39]} 6. Bg5 {[%emt 0:01:23]} e6 {[%emt 0:00:27]} 7. f4 {[%emt 0:01:53]} Qb6 {[%emt 0:00:54]} 8. Nb3 {[%emt 0:00:01]} Be7 {[%emt 0:05:00]} 9. Qf3 {[%emt 0:00:07]} Nbd7 {[%emt 0:03:39] LiveBook: 512 Games} 10. Bh4 {[%emt 0:22:43] B97: Sicilian Najdorf: Poisoned Pawn} (10. O-O-O Qc7 11. Bd3 b5 12. a3 Rb8 13. Bh4 b4 14. axb4 Rxb4 15. Be1 Bb7 16. Kb1 Nc5 17. Nxc5 dxc5 18. Qe3 c4 19. Be2 Bc5 20. Qg3 {½-½ (50) Bosiocic,M (2603)-Brkic,A (2553) Mali Losinj 2017}) 10... Qc7 {[%emt 0:09:11]} 11. g4 $146 {[%emt 0:11:54]} ({Predecessor:} 11. Bf2 b5 12. Bd3 Bb7 {½-½ (12) Kolanek,R (2247)-Lucki,S (2358) ICCF email 2008}) 11... h6 {[%emt 0:02:38]} 12. Bg3 {[%emt 0:00:58]} b5 {[%emt 0:15:39]} 13. a3 {[%emt 0:00:04]} Bb7 {[%emt 0:08:29]} 14. Bg2 {[%emt 0:05:10]} g5 {[%emt 0:07:25]} 15. f5 {[%emt 0:13:05]} Ne5 {[%emt 0:01:20]} 16. Qe2 {[%emt 0:00:07]} Nfxg4 {[%emt 0:16:31]} 17. fxe6 {[%emt 0:00:38]} fxe6 {[%emt 0:00:27]} 18. Nd4 {[%emt 0:02:32]} ({White should try} 18. Bh3 $11 h5 19. Bxe5 Nxe5 20. Bxe6) 18... Qc4 $15 {[%emt 0:01:52]} 19. Qxc4 {[%emt 0:15:38]} Nxc4 {[%emt 0:00:44]} 20. Nxe6 {[%emt 0:00:02]} Rc8 {[%emt 0:06:50]} 21. Bh3 {[%emt 0:06:01]} h5 {[%emt 0:01:27]} 22. O-O-O {[%emt 0:03:32]} Bf6 {[%emt 0:04:17]} 23. Nd4 {[%emt 0:00:37]} Nxa3 {[%emt 0:04:24]} 24. Bxg4 {[%emt 0:04:30]} hxg4 {[%emt 0:00:09]} 25. Nf5 {[%emt 0:00:33]} Nc4 {[%emt 0:04:07]} 26. Nxd6+ {[%emt 0:00:11]} Nxd6 {[%emt 0:00:21]} 27. Rxd6 {[%emt 0:00:01]} Bxc3 {[%emt 0:01:55]} 28. bxc3 {[%emt 0:00:01]} Rxc3 {[%emt 0:01:08]} 29. Be5 {[%emt 0:00:34]} Rch3 30. Bxh8 Rxh8 31. Rb6 1-0

[Event "ESTCC U50 2018"]
[Site "Walbrzych"]
[Date "2018.04.18"]
[Round "5"]
[White "Lewis, Andrew P"]
[Black "Godena, Michele"]
[Result "0-1"]
[WhiteElo "2279"]
[BlackElo "2507"]
[Annotator "TA"]
[PlyCount "98"]
[EventDate "2018.??.??"]
[EventCountry "POL"]
[SourceTitle "playchess.com"]
[Source "ChessBase"]
[SourceQuality "1"]
[WhiteTeam "England"]
[BlackTeam "Italy"]
[WhiteTeamCountry "ENG"]
[BlackTeamCountry "ITA"]

{[%evp 17,98,-28,-32,-55,-48,-31,-53,-62,-54,-60,-60,-60,-56,-77,-12,-39,-32,-39,-9,-3,-8,-25,-25,-33,-33,-27,-27,-26,-5,-8,-16,-21,-21,-18,-7,-44,-46,-41,-30,-25,-13,-56,-56,-87,-84,-128,-91,-108,-115,-140,-145,-146,-125,-193,-191,-176,-170,-201,-210,-245,-239,-287,-227,-375,-243,-218,0,-393,-336,-412,-412,-376,-371,-299,-234,-271,-266,-364,-340,-2514,-517,-5587,-5579]} 1. Nf3 d5 2. c4 e6 3. d4 a6 4. Nc3 dxc4 (4... Nf6 5. cxd5 exd5 6. Bf4 Bd6 7. Bg3 O-O 8. e3 Nc6 9. Bd3 Bg4 10. a3 Bxg3 11. hxg3 g6 12. Qc2 Qd6 13. O-O-O b5 {1-0 (54) Bu,X (2730)-Bosiocic,M (2624) Riadh 2017}) 5. a4 Nc6 6. e3 {D30: Queen's Gambit Declined: Systems without Nc3} Na5 7. Ne5 Nf6 8. Nxc4 c5 9. Nxa5 Qxa5 {LiveBook: 6 Games} 10. Bd2 cxd4 11. exd4 Bb4 12. Bd3 O-O $146 13. O-O Bd7 14. Qf3 Bc6 15. Qg3 Qh5 ({Black should try} 15... Rfd8 $17 16. Bh6 Nh5) 16. Bg5 {Threatens to win with Bxf6.} Kh8 17. Rfe1 Qg4 (17... Bd6 {is more complex.} 18. f4 h6 19. Bxf6 gxf6 20. Be4 Rg8) 18. Qxg4 Nxg4 19. Be4 Rac8 20. Bxc6 Rxc6 21. Re4 {And now d5 would win.} Bxc3 22. bxc3 Nf6 23. Bxf6 $1 gxf6 $11 {[%mdl 4096] Endgame KRR-KRR} 24. d5 exd5 25. Re7 b6 (25... Rxc3 {feels hotter.} 26. g3 Kg7 27. Rxb7 Re8 28. Rd7 Rd3) 26. g3 Kg7 27. Rd7 Re8 28. Rxd5 Rxc3 29. Rd6 (29. Rb1 {is interesting.} Rc6 30. Rb4 Re5 31. Rg4+ Kh6 32. Rh4+) 29... Re6 30. Rxe6 fxe6 $15 {KR-KR} 31. Rd1 Rc6 32. Rd7+ Kg6 33. Ra7 a5 34. Rb7 h5 35. h4 (35. Kg2 $17) 35... Rc1+ $19 36. Kg2 Rb1 37. Kf3 Rb4 38. Rb8 e5 {[%cal Be6e5,Be5e4,Be4e3][%mdl 32]} ({Don't play} 38... Rxa4 39. Rxb6 Ra3+ 40. Ke4) 39. Ke3 Kf5 40. Kf3 (40. Rh8 $142) 40... Rb3+ 41. Kg2 Rb4 $2 (41... Ra3 $19 42. Rxb6 Rxa4) 42. Rb7 $2 {[%mdl 8192]} (42. Kf3 $11 {and White stays safe.}) 42... e4 43. Rh7 Rxa4 44. Rxh5+ {[#]} Kg6 $1 {[%cal Rg6h5]} 45. Rh8 Rb4 46. g4 a4 {White must now prevent ...Rb5.} 47. Ra8 {[#]} e3 $1 {[%mdl 512] ...e2 is the strong threat.} 48. f3 $2 (48. h5+ Kh6 49. fxe3 Rxg4+ 50. Kf3) (48. fxe3 Rxg4+) 48... Rb2+ (48... Rb1 $142 49. h5+ Kh6 50. Rh8+ Kg5 51. Rg8+ Kf4) 49. Kg3 (49. Kf1 $142 b5 50. Ke1) 49... Rb1 {Precision: White = 31%, Black = 65%.} 0-1

[Event "ESTCC U50 2018"]
[Site "Walbrzych"]
[Date "2018.04.18"]
[Round "5"]
[White "Pastor Alonso De Prado, Alberto"]
[Black "Burchardt, Brigitte"]
[Result "0-1"]
[WhiteElo "2162"]
[BlackElo "2166"]
[Annotator "NA"]
[PlyCount "68"]
[EventDate "2018.??.??"]
[EventCountry "POL"]
[SourceTitle "playchess.com"]
[Source "ChessBase"]
[SourceQuality "1"]
[WhiteTeam "Spain"]
[BlackTeam "Germany"]
[WhiteTeamCountry "ESP"]
[BlackTeamCountry "GER"]
[TimeControl "40/5400+30:1800+30"]

1. e4 {[%emt 0:00:00]} c5 {[%emt 0:00:03]} 2. c3 {[%emt 0:00:00]} e5 {[%emt 0:00:06]} 3. Nf3 {[%emt 0:00:20]} Nc6 {[%emt 0:01:14]} 4. Bc4 {[%emt 0:00:14]} Qe7 $16 {[%emt 0:15:04]} (4... Be7 $14) 5. O-O {[%emt 0:01:51]} h6 {[%emt 0:01:58]} 6. d4 {[%emt 0:01:25]} d6 {[%emt 0:04:17]} 7. Re1 {[%emt 0:13:53]} Nf6 {[%emt 0:01:40]} 8. dxe5 {[%emt 0:03:57]} dxe5 {[%emt 0:00:38]} 9. Nbd2 {[%emt 0:00:11]} Qc7 {[%emt 0:21:59]} 10. Nf1 {[%emt 0:09:39]} Bd6 {[%emt 0:04:59]} 11. Ng3 {[%emt 0:05:31]} O-O {[%emt 0:03:07]} 12. Nh4 {[%emt 0:00:42]} Ne7 {[%emt 0:03:55]} 13. Nh5 {[%emt 0:08:50]} Ne8 {[%emt 0:04:56]} 14. Qf3 {[%emt 0:05:34]} Kh7 {[%emt 0:02:56]} 15. g4 {[%emt 0:05:30]} Ng8 {[%emt 0:06:05]} 16. g5 {[%emt 0:02:49]} g6 {[%emt 0:06:03]} 17. Ng3 {[%emt 0:05:49]} Qe7 {[%emt 0:09:10]} 18. Nhf5 {[%emt 0:03:02]} gxf5 {[%emt 0:00:12]} 19. exf5 {[%emt 0:01:08]} f6 {[%emt 0:02:55]} 20. h4 {[%emt 0:00:27]} fxg5 {[%emt 0:00:22]} 21. hxg5 {[%emt 0:00:17]} hxg5 {[%emt 0:01:20]} 22. Qh5+ {[%emt 0:01:33]} Nh6 {[%emt 0:00:14]} 23. Qg6+ {[%emt 0:00:34]} Kh8 {[%emt 0:00:05]} 24. Qxh6+ {[%emt 0:01:31]} Qh7 {[%emt 0:00:06]} 25. Qxg5 {[%emt 0:01:36]} Bxf5 {[%emt 0:01:56]} 26. Nxf5 {[%emt 0:03:59]} Rxf5 {[%emt 0:00:07]} 27. Qg2 {[%emt 0:00:08]} Nf6 {[%emt 0:02:41]} 28. Re3 {[%emt 0:02:29]} Rh5 {[%emt 0:01:02]} 29. Rd3 {[%emt 0:01:53]} Be7 {[%emt 0:01:07]} 30. Bg5 {[%emt 0:01:36]} Rf8 {[%emt 0:00:07]} 31. Rg3 {[%emt 0:00:32]} Ne4 {[%emt 0:01:00]} 32. Bxe7 {[%emt 0:00:36]} Nxg3 {[%emt 0:00:03]} 33. Qxg3 {[%emt 0:00:47]} Qxe7 {[%emt 0:00:11]} 34. Qe3 {[%emt 0:01:07]} Qg7+ {[%emt 0:00:54]} 0-1

[Event "ESTCC U50 2018"]
[Site "Walbrzych"]
[Date "2018.04.18"]
[Round "5"]
[White "Roth, Martin"]
[Black "Tuomala, Timo"]
[Result "1/2-1/2"]
[WhiteElo "2141"]
[BlackElo "2197"]
[Annotator "NA"]
[PlyCount "103"]
[EventDate "2018.??.??"]
[EventCountry "POL"]
[SourceTitle "playchess.com"]
[Source "ChessBase"]
[SourceQuality "1"]
[WhiteTeam "Germany"]
[BlackTeam "Finland"]
[WhiteTeamCountry "GER"]
[BlackTeamCountry "FIN"]
[TimeControl "40/5400+30:1800+30"]

1. e4 {[%emt 0:00:00]} c5 {[%emt 0:00:03]} 2. Nc3 {[%emt 0:00:00]} Nc6 {[%emt 0:00:04]} 3. g3 {[%emt 0:00:03]} g6 {[%emt 0:00:04]} 4. Bg2 {[%emt 0:00:06]} Bg7 {[%emt 0:00:04]} 5. d3 {[%emt 0:00:12]} d6 {[%emt 0:00:09] LiveBook: 4507 Games} 6. Nge2 {[%emt 0:00:46]} Rb8 {[%emt 0:05:09]} 7. a4 {[%emt 0:00:09]} a6 {[%emt 0:00:43] B25: Closed Sicilian: 3 g3, lines without early Be3} (7... b6 8. O-O Nf6 9. h3 {½-½ (9) Rogulj,B (2396)-Palac,M (2538) Zagreb 2017}) 8. O-O {[%emt 0:00:07]} e6 {[%emt 0:01:26]} 9. f4 {[%emt 0:00:39]} Nge7 {[%emt 0:00:25]} 10. Be3 {[%emt 0:02:59]} Nd4 {[%emt 0:00:40]} 11. Bf2 {[%emt 0:04:41]} Nec6 {[%emt 0:04:35]} 12. Rb1 $146 {[%emt 0:01:18]} ({Find the theoretical novelty and annotate with similar games:} 12. Nxd4 Nxd4 13. Qd2 O-O 14. Nd1 f5 15. Ne3 b6 16. Ra3 {0-1 (47) Valenta,V (2040)-Bukojemski,A (2235) Olomouc 2016}) 12... Qa5 {[%emt 0:06:59]} 13. b3 {[%emt 0:05:19]} O-O {[%emt 0:02:16]} 14. Be1 {[%emt 0:02:46]} Qc7 {[%emt 0:04:30]} 15. Kh1 {[%emt 0:03:18]} Bd7 {[%emt 0:02:08]} 16. Nxd4 {[%emt 0:09:07]} Nxd4 {[%emt 0:14:47]} 17. Ne2 {[%emt 0:03:44]} f5 $11 {[%emt 0:01:33]} 18. c3 {[%emt 0:02:41]} Nxe2 {[%emt 0:01:11]} 19. Qxe2 {[%emt 0:00:01]} Bc6 {[%emt 0:00:26]} 20. Qc2 {[%emt 0:02:42]} b5 {[%emt 0:06:08]} 21. axb5 {[%emt 0:00:33]} axb5 {[%emt 0:00:06]} 22. Bd2 {[%emt 0:11:57]} Qb7 {[%emt 0:03:17]} 23. Rfe1 {[%emt 0:00:24]} Rfc8 {[%emt 0:10:43]} 24. Bc1 {[%emt 0:05:47]} Ra8 {[%emt 0:01:49]} 25. Re2 {[%emt 0:16:04]} Ra6 {[%emt 0:09:38]} 26. h4 {[%emt 0:10:01]} Rca8 {[%emt 0:01:08]} 27. Kh2 {[%emt 0:01:06]} R8a7 {[%emt 0:09:26]} 28. b4 {[%emt 0:04:27]} fxe4 {[%emt 0:06:00]} 29. dxe4 {[%emt 0:02:34]} Qa8 {[%emt 0:05:18]} 30. Rb2 {[%emt 0:04:33]} Ra3 {[%emt 0:01:41]} 31. Bd2 {[%emt 0:00:37]} c4 {[%emt 0:00:46]} 32. Be1 {[%emt 0:01:32]} Kf7 {[%emt 0:01:43]} 33. Qc1 {[%emt 0:00:13]} Qh8 {[%emt 0:00:18]} 34. Rbc2 {[%emt 0:00:12]} Qd8 {[%emt 0:00:50]} 35. Qe3 {[%emt 0:00:10]} Qc7 {[%emt 0:00:41]} 36. Bh3 {[%emt 0:01:25]} R7a6 {[%emt 0:00:23]} 37. e5 {[%emt 0:00:30]} Bd5 {[%emt 0:00:47]} 38. Rcd2 {[%emt 0:00:33]} Qa7 {[%emt 0:00:25]} 39. Qxa7+ {[%emt 0:00:00]} Rxa7 {[%emt 0:00:00]} 40. Bf2 {[%emt 0:00:00]} R7a6 {[%emt 0:01:11]} 41. Bd4 {[%emt 0:03:47]} dxe5 {[%emt 0:00:58]} 42. fxe5 {[%emt 0:00:19]} Bh6 {[%emt 0:00:23]} 43. Rf2+ {[%emt 0:01:05]} Ke8 {[%emt 0:00:30]} 44. Rde2 {[%emt 0:00:14]} Ra1 {[%emt 0:02:47]} 45. Bg2 {[%emt 0:00:31]} Bxg2 {[%emt 0:00:07]} 46. Kxg2 {[%emt 0:00:02]} Rd1 {[%emt 0:00:15]} 47. g4 {[%emt 0:00:47]} Bf8 {[%emt 0:01:46]} 48. Rd2 {[%emt 0:00:41]} Rxd2 {[%emt 0:00:28]} 49. Rxd2 {[%emt 0:00:01]} Be7 {[%emt 0:00:12]} 50. g5 {[%emt 0:02:46]} Ra1 {[%emt 0:00:07]} 51. Bf2 {[%emt 0:00:53]} Ra3 {[%emt 0:01:07]} 52. Bd4 {[%emt 0:01:35]} 1/2-1/2

[Event "ESTCC U50 2018"]
[Site "Walbrzych"]
[Date "2018.04.18"]
[Round "5"]
[White "Ograbek, Grzegorz"]
[Black "Pietinen, Pekka"]
[Result "0-1"]
[WhiteElo "2140"]
[BlackElo "1983"]
[Annotator "NA"]
[PlyCount "92"]
[EventDate "2018.??.??"]
[EventCountry "POL"]
[SourceTitle "playchess.com"]
[Source "ChessBase"]
[SourceQuality "1"]
[WhiteTeam "Poland"]
[BlackTeam "Finland"]
[WhiteTeamCountry "POL"]
[BlackTeamCountry "FIN"]
[TimeControl "40/5400+30:1800+30"]

1. d4 {[%emt 0:00:00]} d5 {[%emt 0:00:45]} 2. c4 {[%emt 0:00:00]} c6 {[%emt 0:00:24]} 3. Nf3 {[%emt 0:00:10]} Nf6 {[%emt 0:00:34]} 4. Nc3 {[%emt 0:00:17]} dxc4 {[%emt 0:03:30]} 5. a4 {[%emt 0:04:40]} Bf5 {[%emt 0:01:45]} 6. e3 {[%emt 0:00:19]} e6 {[%emt 0:00:39]} 7. Bxc4 {[%emt 0:00:36]} Bb4 {[%emt 0:02:25] LiveBook: 4289 Games} 8. O-O {[%emt 0:00:19]} Nbd7 {[%emt 0:01:54]} 9. Qe2 {[%emt 0:00:44]} Ne4 {[%emt 0:04:58]} 10. Na2 {[%emt 0:02:59]} Bd6 {[%emt 0:03:11]} 11. Nc3 {[%emt 0:08:56]} O-O {[%emt 0:04:57]} 12. Rd1 {[%emt 0:10:09]} Qc7 {[%emt 0:03:48]} 13. h3 {[%emt 0:01:34]} Be7 {[%emt 0:02:44]} 14. Bd3 {[%emt 0:00:24]} Nxc3 $11 {[%emt 0:06:51]} 15. bxc3 {[%emt 0:00:08]} Bxd3 {[%emt 0:00:07]} 16. Qxd3 {[%emt 0:01:00]} Rfd8 {[%emt 0:06:59]} 17. Ba3 {[%emt 0:05:00]} Bxa3 {[%emt 0:03:07]} 18. Rxa3 {[%emt 0:00:32]} c5 {[%emt 0:00:16]} 19. Raa1 {[%emt 0:06:10]} Rac8 {[%emt 0:02:20]} 20. Rdb1 {[%emt 0:03:28]} h6 {[%emt 0:01:44]} 21. Rb5 {[%emt 0:00:24]} Qc6 {[%emt 0:04:59]} 22. Qb1 {[%emt 0:00:31]} b6 {[%emt 0:02:31]} 23. Rb2 {[%emt 0:09:13]} Rb8 {[%emt 0:01:46]} 24. Qd3 {[%emt 0:01:52]} cxd4 {[%emt 0:02:47]} 25. cxd4 {[%emt 0:00:23]} Rdc8 {[%emt 0:01:36]} 26. Qa6 {[%emt 0:05:49]} Qb7 {[%emt 0:03:07]} 27. Qd3 {[%emt 0:10:45]} Qc6 {[%emt 0:00:38]} 28. Qa6 {[%emt 0:01:02]} Qb7 {[%emt 0:00:08]} 29. Qe2 {[%emt 0:00:05]} Qc6 {[%emt 0:02:03]} 30. Rd2 {[%emt 0:01:02]} Qc3 {[%emt 0:01:52]} 31. Rb1 {[%emt 0:02:18]} Qc4 {[%emt 0:03:47]} 32. Qd1 {[%emt 0:01:50]} Rc7 {[%emt 0:01:17]} 33. Ne1 {[%emt 0:01:08]} Rbc8 {[%emt 0:01:46]} 34. Nd3 {[%emt 0:00:13]} Nf6 {[%emt 0:01:09]} 35. Ne5 {[%emt 0:18:49]} Qa6 {[%emt 0:02:46]} 36. Kh2 {[%emt 0:02:13]} Ne4 {[%emt 0:02:56]} 37. Rdb2 {[%emt 0:01:49]} Nc3 {[%emt 0:00:44]} 38. Qf1 {[%emt 0:00:08]} Qxf1 {[%emt 0:02:32]} 39. Rxf1 {[%emt 0:00:02]} Nxa4 {[%emt 0:00:10]} 40. Rb4 {[%emt 0:00:00]} Nc3 {[%emt 0:00:21]} 41. Ra1 {[%emt 0:03:58]} f6 {[%emt 0:03:23]} 42. Nd3 {[%emt 0:01:08]} Ne4 {[%emt 0:00:31]} 43. Rb2 {[%emt 0:03:08]} Nd6 {[%emt 0:01:34]} 44. Rba2 {[%emt 0:00:48]} a5 {[%emt 0:01:52]} 45. Kg3 {[%emt 0:00:22]} Kf7 {[%emt 0:00:49]} 46. Rb1 {[%emt 0:00:15]} Ne4+ {[%emt 0:01:00]} 0-1

[Event "ESTCC U50 2018"]
[Site "Walbrzych"]
[Date "2018.04.18"]
[Round "5"]
[White "Sazonova, Elena N"]
[Black "Van de Wynkele, Herman"]
[Result "1-0"]
[WhiteElo "2139"]
[BlackElo "2048"]
[Annotator "NA"]
[PlyCount "58"]
[EventDate "2018.??.??"]
[EventCountry "POL"]
[SourceTitle "playchess.com"]
[Source "ChessBase"]
[SourceQuality "1"]
[WhiteTeam "Russia"]
[BlackTeam "Belgium"]
[WhiteTeamCountry "RUS"]
[BlackTeamCountry "BEL"]
[TimeControl "40/5400+30:1800+30"]

1. e4 {[%emt 0:00:00]} g6 {[%emt 0:00:07]} 2. d4 {[%emt 0:00:00]} Bg7 {[%emt 0:00:09]} 3. Nc3 {[%emt 0:00:23]} d6 {[%emt 0:00:08]} 4. Nf3 {[%emt 0:00:28]} a6 {[%emt 0:00:21] LiveBook: 1147 Games} 5. Be3 {[%emt 0:00:50]} b5 {[%emt 0:00:23]} 6. Bd3 {[%emt 0:00:52]} Bb7 {[%emt 0:00:14]} 7. Ne2 {[%emt 0:18:15] B06: Modern Defence} Nd7 {[%emt 0:19:14]} 8. a4 {[%emt 0:05:05]} c6 {[%emt 0:11:04]} 9. Qd2 {[%emt 0:04:09]} e5 {[%emt 0:03:21]} 10. dxe5 {[%emt 0:01:04]} dxe5 {[%emt 0:00:36]} 11. O-O {[%emt 0:04:36]} Ngf6 $146 {[%emt 0:00:07]} ({Predecessor:} 11... Qe7 12. Ng3 h5 13. h3 Nc5 14. axb5 axb5 15. Rxa8+ Bxa8 16. Bxc5 Qxc5 17. Qa5 Bb7 18. Qc7 Qa7 19. Nxe5 {1-0 (19) Sedlak,N (2573)-Karall,L (1984) Lienz 2013}) 12. Ng3 {[%emt 0:03:42]} Ng4 {[%emt 0:01:17]} 13. Bg5 {[%emt 0:01:25]} f6 {[%emt 0:02:29]} 14. h3 {[%emt 0:00:06]} fxg5 {[%emt 0:00:50]} 15. hxg4 {[%emt 0:00:10]} Bf6 {[%emt 0:01:31]} 16. b4 {[%emt 0:02:40]} O-O {[%emt 0:02:22]} 17. c4 {[%emt 0:00:27]} bxc4 {[%emt 0:05:41]} 18. Bxc4+ {[%emt 0:00:14]} Kg7 {[%emt 0:00:01]} 19. Be6 {[%emt 0:05:18]} Nb6 {[%emt 0:00:41]} 20. a5 {[%emt 0:00:18]} Qe7 {[%emt 0:01:47]} 21. Bb3 {[%emt 0:09:19]} Rfd8 {[%emt 0:02:41]} 22. Qc3 {[%emt 0:00:21]} Nd7 {[%emt 0:00:26]} 23. Rac1 {[%emt 0:08:28]} Rac8 {[%emt 0:00:30]} 24. Bc4 {[%emt 0:01:18]} Nf8 {[%emt 0:02:13]} 25. Rfd1 {[%emt 0:03:40]} Ne6 {[%emt 0:01:35]} 26. Bxe6 {[%emt 0:00:09]} Qxe6 {[%emt 0:00:10]} 27. Qc5 $14 {[%emt 0:02:31]} Qxg4 {[%emt 0:05:21]} 28. Qb6 {[%emt 0:04:42]} Rd7 {[%emt 0:00:48]} 29. Qc5 Qe6 1-0